Commentaries on Galatians-Philemon / (Record no. 10460)

MARC details
000 -LEADER
fixed length control field 01375cam a2200313 a 4500
001 - CONTROL NUMBER
control field 15751957
003 - CONTROL NUMBER IDENTIFIER
control field GBCCL
005 - DATE AND TIME OF LATEST TRANSACTION
control field 20241126110732.0
008 - FIXED-LENGTH DATA ELEMENTS--GENERAL INFORMATION
fixed length control field 090527s2009 ilu b 001 0 eng
010 ## -
-- 2009021519
020 ## - INTERNATIONAL STANDARD BOOK NUMBER
International Standard Book Number 9780830829040 (cloth : alk. paper)
040 ## - CATALOGING SOURCE
Original cataloging agency DLC
Transcribing agency DLC
Modifying agency DLC
041 1# -
-- eng
-- lat
050 00 -
-- BR65.A323
-- A43213 2009
082 00 - DEWEY DECIMAL CLASSIFICATION NUMBER
Classification number 220.7
-- 227/.077
Edition information 22
Item number ANC
100 0# - MAIN ENTRY--PERSONAL NAME
Personal name Ambrosiaster.
9 (RLIN) 18206
240 10 -
-- Commentarius in XIII Epistulas Paulinas.
-- Pars 3.
-- English
245 10 - TITLE STATEMENT
Title Commentaries on Galatians-Philemon /
Statement of responsibility, etc. translated and edited by Gerald L. Bray.
260 ## - PUBLICATION, DISTRIBUTION, ETC.
Place of publication, distribution, etc. Downers Grove, Ill. :
Name of publisher, distributor, etc. IVP Academic,
Date of publication, distribution, etc. c2009.
300 ## - PHYSICAL DESCRIPTION
Extent xxii, 166 p. ;
Dimensions 26 cm.
490 0# - SERIES STATEMENT
Series statement Ancient Christian texts
504 ## - BIBLIOGRAPHY, ETC. NOTE
Bibliography, etc. note Includes bibliographical references and index.
505 0# - FORMATTED CONTENTS NOTE
Formatted contents note Commentary on Galatians -- Commentary on Ephesians -- Commentary on Philippians -- Commentary on Colossians -- Commentary on 1 Thessalonians -- Commentary on 2 Thessalonians -- Commentary on 1 Timothy -- Commentary on 2 Timothy -- Commentary on Titus -- Commentary on Philemon.
630 00 - SUBJECT ADDED ENTRY--UNIFORM TITLE
Uniform title Bible.
Name of part/section of a work Epistles of Paul
Form subdivision Commentaries.
9 (RLIN) 18207
700 1# - ADDED ENTRY--PERSONAL NAME
Personal name Bray, Gerald Lewis.
9 (RLIN) 1900
906 ## - LOCAL DATA ELEMENT F, LDF (RLIN)
a 7
b cbc
c orignew
d 1
e ecip
f 20
g y-gencatlg
942 ## - ADDED ENTRY ELEMENTS (KOHA)
Source of classification or shelving scheme Dewey Decimal Classification
Koha item type Reference Books
Holdings
Withdrawn status Lost status Source of classification or shelving scheme Damaged status Not for loan Home library Current Library Shelving location Date acquired Total checkouts Full call number Barcode Date last seen Copy number Price effective from Koha item type
    Dewey Decimal Classification     GRACE BIBLE COLLEGE GRACE BIBLE COLLEGE Commentary 2024-07-23   220.7 ANC 016989 2025-05-01 c.1 2024-07-23 Reference Books
© Grace Bible College Library 2025